000 00975cab a2200313 4500
001 ABS51058
008 090401t1994 xxu||||| |||| 00| 0 eng d
035 _a(Sirsi) u7253
041 _aeng
245 _aWarm front moves in over the Whitehall estate
260 _c1994
350 _a0
490 _aRIBA Journal
_v101(8) August 1994, 39-40(2)
520 _aGuide for those breaking into management and building of government property as departments are likely to be responsible for the property they occupy.
650 _aCIVIL SERVICE
650 _aFLOORSPACE
650 _aGOVERNMENT DEPARTMENTS
650 _aGOVERNMENT PROPERTY
650 _aRefurbishment
_96264
650 _aNEXT STEPS AGENCIES
650 _aNEXT STEPS
650 _aProject management
_96261
650 _aPROPERTY HOLDINGS
650 _aProperty management
_96262
650 _aWHITEHALL ESTATE
690 _aPROPERTY-COMMERCIAL PROPERTY
942 _n0
948 _c04/03/1997
999 _c4358
_d4358